00796cam a22002411 4500001001300000003000400013005001700017008004100034010001700075035001900092040002600111050002300137051001600160082001100176100005100187245003900238260009200277300002900369410006100398504002800459650005000487999001700537hew60000033 DLC20260227111510.0780712s1960 dcu b f000 0 eng  ahew60000033  a(OCoLC)4046905 aDLCcMiOCdOCoLCdDLC00aL111b.A75 no. 123 aLC4691b.W5 a371.921 aWilliams, Harold M.q(Harold Marshall),d1899-14aThe retarded child goes to school. a[Washington]bU.S. Dept. of Health, Education, and Welfare, Office of Educationc[1960] aviii, 24, [1] p.c23 cm.10aUnited States.bOffice of Education.tPamphletvno. 123. aBibliography: p.23-[25] 0aChildren with mental disabilitiesxEducation. c34237d34237